<?xml version="1.0" encoding="UTF-8"?>
<record
    xmlns:xsi="http://www.w3.org/2001/XMLSchema-instance"
    xsi:schemaLocation="http://www.loc.gov/MARC21/slim http://www.loc.gov/standards/marcxml/schema/MARC21slim.xsd"
    xmlns="http://www.loc.gov/MARC21/slim">

  <leader>02017cam a22003254a 4500</leader>
  <datafield tag="999" ind1=" " ind2=" ">
    <subfield code="c">65875</subfield>
    <subfield code="d">65849</subfield>
  </datafield>
  <controlfield tag="001">13988534</controlfield>
  <controlfield tag="003">OSt</controlfield>
  <controlfield tag="005">20190329091135.0</controlfield>
  <controlfield tag="008">050601s2005    paua     b    000 0 eng  </controlfield>
  <datafield tag="010" ind1=" " ind2=" ">
    <subfield code="a">  2005015872</subfield>
  </datafield>
  <datafield tag="020" ind1=" " ind2=" ">
    <subfield code="a">1561484571 (pbk.)</subfield>
  </datafield>
  <datafield tag="040" ind1=" " ind2=" ">
    <subfield code="a">DLC</subfield>
    <subfield code="c">DLC</subfield>
    <subfield code="d">DLC</subfield>
  </datafield>
  <datafield tag="042" ind1=" " ind2=" ">
    <subfield code="a">pcc</subfield>
  </datafield>
  <datafield tag="050" ind1="0" ind2="0">
    <subfield code="a">TR147</subfield>
    <subfield code="b">.Z44 2005</subfield>
  </datafield>
  <datafield tag="082" ind1="0" ind2="0">
    <subfield code="a">770</subfield>
    <subfield code="2">22</subfield>
  </datafield>
  <datafield tag="100" ind1=" " ind2=" ">
    <subfield code="a">Zehr, Howard</subfield>
    <subfield code="9">48860</subfield>
  </datafield>
  <datafield tag="245" ind1="1" ind2="4">
    <subfield code="a">The little book of contemplative photography :</subfield>
    <subfield code="b">seeing with wonder, respect, and humility /</subfield>
    <subfield code="c">Howard Zehr.</subfield>
  </datafield>
  <datafield tag="260" ind1=" " ind2=" ">
    <subfield code="a">Intercourse, PA :</subfield>
    <subfield code="b">Good Books,</subfield>
    <subfield code="c">2005.</subfield>
  </datafield>
  <datafield tag="300" ind1=" " ind2=" ">
    <subfield code="a">82 p. :</subfield>
    <subfield code="b">ill. ;</subfield>
    <subfield code="c">21 cm.</subfield>
  </datafield>
  <datafield tag="440" ind1=" " ind2="0">
    <subfield code="a">Little books of justice &amp; peacebuilding</subfield>
    <subfield code="9">48861</subfield>
  </datafield>
  <datafield tag="504" ind1=" " ind2=" ">
    <subfield code="a">Includes bibliographical references.</subfield>
  </datafield>
  <datafield tag="505" ind1="0" ind2=" ">
    <subfield code="a">Getting started -- Why this little book? -- About this book -- Equipment and knowledge -- Journaling -- Exercise: "tuning up" our eyes -- Exercise: I see/feel/think -- Changing our lens -- Exercise: photograph without viewfinder -- Exercise: receiving an image -- Practicing moodfulness -- Hindrances to receptivity -- Exercise: exploring the ordinary -- Exercise: break the rules -- An attitude of wonder -- Exercise: exploring abstraction -- Exercise: finding mystery in the familiar -- Seeing the light -- Characteristics of light -- Exercise: playing with light -- Exercise: meditating with light -- Exploring metaphor -- Exercise: finding metaphors -- Exercise: exploring your metaphors -- Making meaning -- Exercise: where is the energy? -- Exercise: disciplined seeing -- With respect and humility -- Exercise: taking stock.</subfield>
  </datafield>
  <datafield tag="650" ind1=" " ind2="0">
    <subfield code="a">Photography</subfield>
    <subfield code="x">Social aspects.</subfield>
    <subfield code="9">48862</subfield>
  </datafield>
  <datafield tag="650" ind1=" " ind2="0">
    <subfield code="a">Self-culture.</subfield>
    <subfield code="9">48863</subfield>
  </datafield>
  <datafield tag="650" ind1=" " ind2="0">
    <subfield code="a">Meditation</subfield>
    <subfield code="x">Study and teaching.</subfield>
    <subfield code="9">48864</subfield>
  </datafield>
  <datafield tag="856" ind1="4" ind2="1">
    <subfield code="3">Table of contents</subfield>
    <subfield code="u">http://www.loc.gov/catdir/toc/ecip0514/2005015872.html</subfield>
  </datafield>
  <datafield tag="906" ind1=" " ind2=" ">
    <subfield code="a">7</subfield>
    <subfield code="b">cbc</subfield>
    <subfield code="c">orignew</subfield>
    <subfield code="d">1</subfield>
    <subfield code="e">ecip</subfield>
    <subfield code="f">20</subfield>
    <subfield code="g">y-gencatlg</subfield>
  </datafield>
  <datafield tag="942" ind1=" " ind2=" ">
    <subfield code="2">lcc</subfield>
    <subfield code="c">BK</subfield>
  </datafield>
  <datafield tag="952" ind1=" " ind2=" ">
    <subfield code="0">0</subfield>
    <subfield code="1">0</subfield>
    <subfield code="2">lcc</subfield>
    <subfield code="4">0</subfield>
    <subfield code="7">0</subfield>
    <subfield code="8">GEN</subfield>
    <subfield code="a">CPL</subfield>
    <subfield code="b">CPL</subfield>
    <subfield code="c">GEN</subfield>
    <subfield code="d">2018-06-22</subfield>
    <subfield code="e">D - Joel Drudell</subfield>
    <subfield code="g">10.00</subfield>
    <subfield code="l">0</subfield>
    <subfield code="o">TR 147.Z44 2005</subfield>
    <subfield code="p">T05258W3232</subfield>
    <subfield code="r">2019-09-26 00:00:00</subfield>
    <subfield code="t">1</subfield>
    <subfield code="w">2019-03-29</subfield>
    <subfield code="y">BK</subfield>
  </datafield>
</record>
